Fnaf songs - Statistics

General Stats
  • This quiz has been taken 403 times
  • The average score is 4 of 21
Answer Stats
Hint Answer % Correct
It's been so long
56%
Join us for a bite
53%
You can't hide
39%
Fnaf 2 Survive the night
31%
I can't fix you
29%
Funtime dance floor
26%
Dance to forget
21%
Follow me
20%
Fnaf 1 Five Nights at Freddy's song
19%
SL Circus of the dead
13%
Trust me
13%
Do you even
9%
I hope you die in a fire
9%
I've got no time
9%
The Puppet Song
7%
Fnaf 3 Just an attraction
5%
Dream your dream
4%
Goodbye
4%
Fnaf 4 Five nights at Freddy's 4 song
3%
Welcome back
3%
Turn back
2%
No matching quizzes found
Score Distribution
Percent of People with Each Score
Percentile by Number Answered
Your Score History
You have not taken this quiz